A pronouncing dictionary of Shakespearean proper names / (Record no. 21297)
[ view plain ]
| 000 -LEADER | |
|---|---|
| fixed length control field | 01088nam a2200301K 4500 |
| 001 - CONTROL NUMBER | |
| control field | 21297 |
| 003 - CONTROL NUMBER IDENTIFIER | |
| rucl marc code | BD-RjUL |
| 005 - DATE AND TIME OF LATEST TRANSACTION | |
| control field | 20211209000653.0 |
| 008 - FIXED-LENGTH DATA ELEMENTS--GENERAL INFORMATION | |
| fixed length control field | 140304r19471944nyu b 000 1 eng d |
| 035 ## - SYSTEM CONTROL NUMBER | |
| System control number | (BD-RjUL)21361 |
| System control number | (OCoLC)586236569 |
| 040 ## - CATALOGING SOURCE | |
| Original cataloging agency | OCLCE |
| Language of cataloging | eng |
| Transcribing agency | OCLCE |
| Modifying agency | OCLCQ |
| -- | BD-RjUL |
| 041 ## - LANGUAGE CODE | |
| Language code of text/sound track or separate title | eng |
| 082 04 - DEWEY DECIMAL CLASSIFICATION NUMBER | |
| Classification number | 822.33 |
| Author mark and year | IRP 1947 |
| 100 1# - MAIN ENTRY--PERSONAL NAME | |
| Personal name | Irvine, Theodora Ursula. |
| 9 (RLIN) | 65841 |
| 245 12 - TITLE STATEMENT | |
| Title | A pronouncing dictionary of Shakespearean proper names / |
| Statement of responsibility, etc. | by Theodora Irvine. |
| 260 ## - PUBLICATION, DISTRIBUTION, ETC. (IMPRINT) | |
| Place of publication, distribution, etc. | New York : |
| Name of publisher, distributor, etc. | Barnes & Noble, |
| Date of publication, distribution, etc. | 1944 [reprinted 1947]. |
| 300 ## - PHYSICAL DESCRIPTION | |
| Pagination | lviii, 387 p. ; |
| Size | 22 cm. |
| 500 ## - GENERAL NOTE | |
| General note | Originally published in 1919, under title: How to pronounce the names in Shakespeare. |
| 504 ## - BIBLIOGRAPHY, ETC. NOTE | |
| Bibliography, etc | Bibliography: p. xv-xix. |
| 600 10 - SUBJECT ADDED ENTRY--PERSONAL NAME | |
| Personal name | Shakespeare, William, |
| Dates associated with a name | 1564-1616 |
| General subdivision | Language. |
| Personal name | Shakespeare, William, |
| Dates associated with a name | 1564-1616 |
| General subdivision | Dictionaries, indexes, etc. |
| 650 #0 - SUBJECT ADDED ENTRY--TOPICAL TERM | |
| Topical term or geographic name as entry element | Names, Personal |
| General subdivision | English. |
| 9 (RLIN) | 65845 |
| Topical term or geographic name as entry element | Names, Geographical |
| General subdivision | English. |
| 9 (RLIN) | 65846 |
| 942 ## - ADDED ENTRY ELEMENTS (KOHA) | |
| Source of classification or shelving scheme | Dewey Decimal Classification |
| Koha item type | Books |
| Lost status | Source of classification or shelving scheme | Damaged status | Not for loan | Collection code | Permanent Location | Current Location | Shelving location | Date acquired | Total Checkouts | Full call number | Date last seen | Copy number | Koha item type | Source of acquisition |
|---|---|---|---|---|---|---|---|---|---|---|---|---|---|---|
| Dewey Decimal Classification | Not For Loan | Non-fiction | Central Library, University of Rajshahi | Central Library, University of Rajshahi | Reading Room | 04/03/2014 | 822.33 IRP 1947 | 04/03/2014 | C-1 | Books | ||||
| Dewey Decimal Classification | Non-fiction | Central Library, University of Rajshahi | Central Library, University of Rajshahi | 23/07/1962 | 822.33 IRP 1947 | 05/03/2014 | C-2 | Books | Asia Foundation, Gift. | |||||
| Dewey Decimal Classification | Non-fiction | Central Library, University of Rajshahi | Central Library, University of Rajshahi | 11/11/1958 | 822.33 IRP 1947 | 24/09/2020 | C-3 | Books | Asia Foundation |